Big blues : The unmarking of IBM
Đã lưu trong:
| 主要作者: | |
|---|---|
| 格式: | 图书 |
| 语言: | Undetermined |
| 出版: |
New York
Crown Publishers, Inc.
1993
|
| 主题: | |
| 标签: |
添加标签
没有标签, 成为第一个标记此记录!
|
| Thư viện lưu trữ: | Trung tâm Học liệu Trường Đại học Cần Thơ |
|---|
| LEADER | 00607nam a2200217Ia 4500 | ||
|---|---|---|---|
| 001 | CTU_83567 | ||
| 008 | 210402s9999 xx 000 0 und d | ||
| 082 | |a 338.7 | ||
| 082 | |b C319 | ||
| 100 | |a Carroll, Paul | ||
| 245 | 0 | |a Big blues : | |
| 245 | 4 | |b The unmarking of IBM | |
| 245 | 0 | |c Paul Carroll | |
| 260 | |a New York | ||
| 260 | |b Crown Publishers, Inc. | ||
| 260 | |c 1993 | ||
| 650 | |a Computer industry,International business machines corporation | ||
| 650 | |x History,History | ||
| 650 | |z United States | ||
| 904 | |i QHieu(sửa) | ||
| 980 | |a Trung tâm Học liệu Trường Đại học Cần Thơ | ||